000 00568nam a22001577a 4500
008 140902b xxu||||| |||| 00| 0 eng d
020 _a0406090173
050 _aKD275.L39(1874-75 vol.7)
245 _aThe Law Reports (1874-75 vol.7) English and Irish Appeal: English and Irish Appeal Cases and claims of Peerage before the House of Lords. /
_cReported by Charles Clark
260 _aLondon:
_bButterworth,
_c1874.
300 _ax, 903p.
_c24cm.
440 _pAppeal cases, 1874-1875
_vVol. 7
700 _aClark, Charles
800 _aCharles, Cark
942 _2lcc
_cBK
999 _c3975
_d11475